Destiny's Child Members - Statistics

General Stats
  • This quiz has been taken 261 times
  • The average score is 3 of 6
Answer Stats
Hint Answer % Correct
1997-2006 Beyoncé Knowles
100%
1997-2006 Kelly Rowland
80%
2000-2006 Michelle Williams
65%
1997-2000 LeToya Luckett
28%
1997-2000 LaTavia Roberson
27%
2000 Farrah Franklin
24%
No matching quizzes found
Score Distribution
Percent of People with Each Score
Percentile by Number Answered
Your Score History
You have not taken this quiz